000 00689nam a2200217Ia 4500
003 GCL
008 140319s9999 xx 000 0 ara d
040 _aGCL /
_cGCL
082 0 4 _a811.008017
_bس ح
100 1 _aسيد صديق عبدالفتاح
245 1 0 _aحياة واعمال شعراء الادب الساخر /
_cسيد صديق عبدالفتاح
260 _a[S.N] :
_bالدار المصرية اللبنانية ،
_c1993
300 _a206 ص
490 _a
650 0 4 _aالشعر العربى
650 0 4 _aالادب العربى
650 0 4 _aالعصر الحديث
650 0 4 _aالشعر الهزلى
650 0 4 _aالمجموعات
942 _2ddc
_cBK
999 _c29705
_d29705